LDR 02289namaa2200433 i 4500 001 000000178673 003 CaOOAMICUS 005 20260417123311.0 008 260417s2026 it oea u000 u ita r 020 $a978-88-85952-59-1* 032 $aLibriCat 040 $aPUL$bita 041 1 $aita$hfre 082 04$a271.7912 111 0 $aGli ordini militari e ospedalieri in Italia : stato della ricerca storica e artistica. 1° simposio Sorrento 15-16 marzo 2025.$0(OLS)http://pul/name/114973 245 14$aGli ordini militari e ospedalieri in Italia: stato della ricerca storica e artistica :$b1°simprosio Sorrento 15-16 marzo 2025 /$ca cura di Fabrizio D'Avenia, Luigi Michele de Palma, Kristjan Toomaspoeg. 250 $a1 ed. 2026 260 $aBari :$bEcumenica,$c2026. 300 $a263 pagine : $bfotografie, piante, illustrazioni ;$c24 cm 336 $atesto$btxt$2rdacontent 337 $asenza mediazione$bn$2rdamedia 338 $avolume$bnc$2rdacarrier 490 1 $aMelitensia ;$v18 504 $aBibliografia in nota. 650 04$aOrdini militari religiosi$xStoria.$0(OLS)http://pul/subject/40513 700 1 $aToomaspoeg, Kristjan ,$d1971-,$ecuratore.$0(OLS)http://pul/name/114975 700 1 $aD'Avenia Fabrizio,$d1970-,$ecuratore.$0(OLS)http://pul/name/114974 700 1 $aDe Palma, Luigi Michele,$csacerdote,$d1958-,$ecuratore.$0(OLS)http://pul/name/1835 710 2 $aCentro Studi Melitensi (Taranto)$eorganizzatore convegni.$0(OLS)http://pul/name/107499 710 1 $aCentro Interdipartimentale di ricerca sull'Ordine Teutonico nel Mediterraneo$eorganizzatore convegni.$0(OLS)http://pul/name/114976 830 0$aMelitensia ;$v18.$0(OLS)http://pul/title/196765 850 $aPUL 852 $aPUL$W1$xSL Religione 3$y85$m271. 7912 DEPLU 3$j202442$qDDC 21$B207842$CPULBib$Z2$F207842 $H138546 $82 941 1 $a9 996 $6020$a978-88-85952-59-1*$9(OLS)http://pul/number/170935 996 $6082$a271.7912$9(OLS)http://pul/classification/3005 996 $6245$aGli ordini militari e ospedalieri in Italia: stato della ricerca storica e artistica :$b1°simprosio Sorrento 15-16 marzo 2025$9(OLS)http://pul/title/220247 996 $6260$aBari :$bEcumenica$9(OLS)http://pul/publisher/53992